| 000 | 00995nam0a22002531 4500 | ||
|---|---|---|---|
| 001 | rc\3473175 | ||
| 005 | 20250610010335.0 | ||
| 035 | _a(NLR Aleph) 007597735 | ||
| 090 |
_a5680257 _c5680257 |
||
| 100 | _a20130115d1969 |||y0rusy50 ca | ||
| 101 | 0 | _arus | |
| 102 | _aRU | ||
| 105 | _aa z ||||| | ||
| 200 | 1 |
_aСредства и способы радиационной и химической разведки и специальной обработки _fПенз. высш. артиллер. инж. ордена Красной Звезды училище им. Гл. Маршала артиллерии Н.Н. Воронова |
|
| 210 |
_aПенза _cБ. и. _d1969 |
||
| 215 |
_a152 с. _cил. _d22 |
||
| 309 | _aОтпеч. множит. аппаратом | ||
| 333 | _aТолько для внутривед. продажи | ||
| 700 | 1 |
_aНазаров _bВ.В. |
|
| 801 | 0 |
_aRU _bNLR _gpsbo |
|
| 801 | 1 |
_aRU _bELAR _2rusmarc |
|
| 852 |
_aNLR _j50К/21088 |
||
| 942 | _cBOOK | ||
| 980 | _aNB | ||